000 00846nam a22002897a 4500
001 9234
003 FISKH
005 20251204093237.0
008 251204b cb ||||| |||| 00| 0 eng d
020 _a0590661671
040 _aFISKH
_beng
_cFISKH
_dFISKH
050 _aQC924.7 .W37
082 _a551
100 _aWard, Elsie
_eAuthor
245 _aFollow a raindrop /
_cby Elsie Ward
260 _bScholastic Inc. ,
_c1995
300 _a16 pages :
_bcolor illustrations ;
_c23 cm
490 _aScholastic super-science readers
505 _aG
520 _aThis book talks about how the rain comes from. Where does it go? By following a raindrop and find out.
521 8 _a400
_bLexile estimate
521 8 _aG
_bRaz-Plus
650 _aScience
_vRain
650 _aCycle
_vEvaporation
942 _2ddc
_cBK
_n0
999 _c9234
_d9234